Adan Buenosayres
Tallennettuna:
| Päätekijä: | |
|---|---|
| Aineistotyyppi: | Kirja |
| Kieli: | Undetermined |
| Julkaistu: |
Argentina
América Latina
1968
|
| Aiheet: | |
| Tagit: |
Lisää tagi
Ei tageja, Lisää ensimmäinen tagi!
|
MARC
| LEADER | 00000nam a2200000Ia 4500 | ||
|---|---|---|---|
| 008 | 170316s9999 xx 000 0 und d | ||
| 040 | |a cru BVZT | ||
| 090 | |a 860 M-6a | ||
| 100 | |a Marechal, Leopoldo | ||
| 245 | |a Adan Buenosayres | ||
| 260 | |a Argentina | ||
| 260 | |b América Latina | ||
| 260 | |c 1968 | ||
| 300 | |a 133 páginas | ||
| 650 | |a LITERATURA LATINOAMERICANA | ||
| 999 | |c 8979 |d 8979 | ||
| 942 | |c 15 D |h 860 M-6a |2 z | ||
